ARRUPE JESUIT UNIVERSITY

CORONAVIRUS -STOP THE SPREAD - CLEAN,DISINFECT,COVER

Woman of the river / (Record no. 124707)

MARC details
000 -LEADER
fixed length control field 00987cam a2200313 a 4500
001 - CONTROL NUMBER
control field 1019340
003 - CONTROL NUMBER IDENTIFIER
control field ARRUPE
005 - DATE AND TIME OF LATEST TRANSACTION
control field 20160427111223.0
008 - FIXED-LENGTH DATA ELEMENTS--GENERAL INFORMATION
fixed length control field 880224s1989 pau 000 0 eng
010 ## - LIBRARY OF CONGRESS CONTROL NUMBER
LC control number 88004775
020 ## - INTERNATIONAL STANDARD BOOK NUMBER
International Standard Book Number 0822954095 (pbk.)
020 ## - INTERNATIONAL STANDARD BOOK NUMBER
International Standard Book Number 0822935945
040 ## - CATALOGING SOURCE
Original cataloging agency DLC
Transcribing agency DLC
Modifying agency DLC
041 0# - LANGUAGE CODE
Language code of text/sound track or separate title engspa
043 ## - GEOGRAPHIC AREA CODE
Geographic area code nc-----
050 00 - LIBRARY OF CONGRESS CALL NUMBER
Classification number PQ7539.A47
Item number M813 1989
082 00 - DEWEY DECIMAL CLASSIFICATION NUMBER
Classification number 811
Edition number 19
300 ## - PHYSICAL DESCRIPTION
Dimensions 22 cm.
100 1# - MAIN ENTRY--PERSONAL NAME
Personal name Alegría, Claribel.
9 (RLIN) 24104
245 10 - TITLE STATEMENT
Title Woman of the river /
Statement of responsibility, etc Claribel Alegría ; translated by D.J. Flakoll.
260 ## - PUBLICATION, DISTRIBUTION, ETC. (IMPRINT)
Place of publication, distribution, etc Pittsburgh, Pa. :
Name of publisher, distributor, etc University of Pittsburgh Press,
Date of publication, distribution, etc c1988.
300 ## - PHYSICAL DESCRIPTION
Extent 95 p. ;
440 #0 - SERIES STATEMENT/ADDED ENTRY--TITLE
Title Pitt poetry series
9 (RLIN) 24105
500 ## - GENERAL NOTE
General note Parallel text in English and Spanish.
500 ## - GENERAL NOTE
General note Title on added t.p.: La mujer del río.
650 #0 - SUBJECT ADDED ENTRY--TOPICAL TERM
Topical term or geographic name as entry element Central America
General subdivision Politics and Government
-- Poetry
9 (RLIN) 24106
740 0# - ADDED ENTRY--UNCONTROLLED RELATED/ANALYTICAL TITLE
Uncontrolled related/analytical title Mujer del río.
906 ## - LOCAL DATA ELEMENT F, LDF (RLIN)
a 7
b cbc
c orignew
d 1
e ocip
f 19
g y-gencatlg
942 ## - ADDED ENTRY ELEMENTS (KOHA)
Source of classification or shelving scheme Library of Congress Classification
Koha item type Monograph ( Printed materials)
Holdings
Withdrawn status Lost status Source of classification or shelving scheme Damaged status Not for loan Collection code Home library Current library Shelving location Date acquired Total Checkouts Full call number Barcode Date last seen Price effective from Koha item type
    Library of Congress Classification     Main Collection ARRUPE LIBRARY ARRUPE LIBRARY Main Collection 27/04/2016   PR9298.9.A44 W6 1988 46500006470 27/04/2016 27/04/2016 Monograph ( Printed materials)

 

Arrupe Library. PO Box MP320 Mt Pleasant, Harare, Zimbabwe
263 242 745411|librarian@aju.ac.zw